[Event "South Wales Summer op"]
[Site "Penarth"]
[Date "2016.08.29"]
[Round "4"]
[White "Davis, Lee"]
[Black "Braun, Walter"]
[Result "1-0"]
[WhiteElo "1925"]
[BlackElo "2198"]
[PlyCount "59"]
[EventDate "2016.08.27"]
[EventType "swiss"]
[EventRounds "5"]
[EventCountry "WLS"]
[SourceTitle "EXT 2018"]
[Source "ChessBase"]
[SourceDate "2017.10.13"]
[SourceVersion "1"]
[SourceVersionDate "2017.10.13"]
[SourceQuality "1"]

1. d4 d6 2. Nf3 Nf6 3. g3 g6 4. Bg2 Bg7 5. 0-0 0-0 6. c4 c6 7. Nc3 Bf5 8. Nh4 Be6 9. d5 cxd5 10. cxd5 Bd7 11. Be3 Na6 12. Nf3 Re8 13. h3 Nc5 14. Nd4 Rc8 15. Rc1 a5 16. Nb3 Na6 17. Nd4 Nb4 18. Qb3 Na6 19. Qd1 Nc5 20. Nb3 Na6 21. Nd4 Rc4 22. Qd2 h5 23. Nb1 Rxc1 24. Rxc1 Nc5 25. Nc3 Qb6 26. Rd1 a4 27. b3 axb3 28. Nxb3 Nxb3 29. axb3 Rc8 30. Bxb6 1-0

[Event "South Wales Summer op"]
[Site "Penarth"]
[Date "2016.08.28"]
[Round "3"]
[White "Braun, Walter"]
[Black "Fathallah, Joe"]
[Result "1/2-1/2"]
[WhiteElo "2198"]
[BlackElo "1982"]
[PlyCount "128"]
[EventDate "2016.08.27"]
[EventType "swiss"]
[EventRounds "5"]
[EventCountry "WLS"]
[SourceTitle "EXT 2018"]
[Source "ChessBase"]
[SourceDate "2017.10.13"]
[SourceVersion "1"]
[SourceVersionDate "2017.10.13"]
[SourceQuality "1"]

1. Nf3 d5 2. e3 Nf6 3. d4 Bf5 4. c4 e6 5. Qb3 Qc8 6. Nc3 c6 7. Bd2 h6 8. Rc1 Nbd7 9. cxd5 exd5 10. Nh4 Bh7 11. g3 Bd6 12. Bg2 Qb8 13. f4 0-0 14. 0-0 Re8 15. Rfe1 Nb6 16. Bf1 Ne4 17. Nxe4 Bxe4 18. Bb4 Bxb4 19. Qxb4 Qd8 20. b3 Qe7 21. Qxe7 Rxe7 22. Kf2 Nc8 23. Nf3 Bxf3 24. Kxf3 Nd6 25. Bd3 Rae8 26. a4 Ne4 27. Bxe4 Rxe4 28. b4 a6 29. Kf2 Ra8 30. Rc3 f5 31. Rb1 Re6 32. Rb2 b5 33. Ra3 Rae8 34. axb5 axb5 35. Rc2 Rf6 36. Ra6 Ree6 37. Rca2 h5 38. Rb6 Rd6 39. Ra8+ Rf8 40. Raa6 Rff6 41. Kf3 Rde6 42. Rb8+ Rf8 43. Rxb5 Rfe8 44. Rb7 Rxe3+ 45. Kg2 R8e6 46. Raa7 Rg6 47. Ra8+ Kh7 48. Rf8 Re2+ 49. Kf3 Rxh2 50. Rxf5 Rh3 51. Rg5 Rxg5 52. fxg5 Rh1 53. Kf4 Rf1+ 54. Ke5 Rf3 55. Rc7 Rxg3 56. Kf4 Rb3 57. Rxc6 Rxb4 58. Ke5 h4 59. Kf5 Rb1 60. Kg4 Rd1 61. Kh5 g6+ 62. Rxg6 h3 63. Rh6+ Kg7 64. Kg4 Rxd4+ 1/2-1/2

[Event "South Wales Summer op"]
[Site "Penarth"]
[Date "2016.08.27"]
[Round "1"]
[White "Staniforth, Matthew"]
[Black "Braun, Walter"]
[Result "1-0"]
[WhiteElo "1874"]
[BlackElo "2198"]
[PlyCount "33"]
[EventDate "2016.08.27"]
[EventType "swiss"]
[EventRounds "5"]
[EventCountry "WLS"]
[SourceTitle "EXT 2018"]
[Source "ChessBase"]
[SourceDate "2017.10.13"]
[SourceVersion "1"]
[SourceVersionDate "2017.10.13"]
[SourceQuality "1"]

1. e4 c5 2. Nf3 d6 3. d4 cxd4 4. Nxd4 e5 5. Bb5+ Bd7 6. Bxd7+ Qxd7 7. Nf5 Nf6 8. Qf3 d5 9. Qg3 Qe6 10. Nxg7+ Bxg7 11. Qxg7 Rg8 12. exd5 Qb6 13. Qh6 Rxg2 14. Be3 Qa5+ 15. Bd2 Qa6 16. Qh3 Rg7 17. Qc8+ 1-0

[Event "South Wales op 13th"]
[Site "Cardiff"]
[Date "2016.07.11"]
[Round "8"]
[White "Braun, Walter"]
[Black "Marusenko, Petr"]
[Result "1/2-1/2"]
[WhiteElo "2207"]
[BlackElo "2226"]
[PlyCount "46"]
[EventDate "2016.07.07"]
[EventType "swiss"]
[EventRounds "10"]
[EventCountry "WLS"]
[SourceTitle "EXT 2017"]
[Source "ChessBase"]
[SourceDate "2016.10.25"]
[SourceVersion "1"]
[SourceVersionDate "2016.10.25"]
[SourceQuality "1"]

1. d4 d5 2. Bf4 Nf6 3. e3 e6 4. Nd2 c5 5. c3 Nc6 6. Ngf3 Bd6 7. Bg3 0-0 8. Bd3 b6 9. e4 dxe4 10. Nxe4 Nxe4 11. Bxe4 Bb7 12. dxc5 Bxc5 13. Qa4 Rc8 14. Rd1 Qf6 15. Bh4 Qh6 16. 0-0 f5 17. Bb1 a6 18. Rd7 Na5 19. Rxb7 Nxb7 20. Qd7 Rb8 21. Bg5 Qg6 22. Bf4 Qe8 23. Qd3 Ra8 1/2-1/2

[Event "South Wales op 13th"]
[Site "Cardiff"]
[Date "2016.07.09"]
[Round "5"]
[White "Waterfield, John"]
[Black "Braun, Walter"]
[Result "0-1"]
[WhiteElo "1980"]
[BlackElo "2207"]
[PlyCount "52"]
[EventDate "2016.07.07"]
[EventType "swiss"]
[EventRounds "10"]
[EventCountry "WLS"]
[SourceTitle "EXT 2017"]
[Source "ChessBase"]
[SourceDate "2016.10.25"]
[SourceVersion "1"]
[SourceVersionDate "2016.10.25"]
[SourceQuality "1"]

1. e4 c5 2. c3 e6 3. d4 d5 4. Nd2 cxd4 5. cxd4 Nc6 6. Ngf3 Nf6 7. Bd3 Bb4 8. e5 Ne4 9. 0-0 f5 10. exf6 Nxf6 11. a3 Bd6 12. b4 0-0 13. Re1 a6 14. Nb3 Qc7 15. Bb2 Bd7 16. Ne5 Rae8 17. Rc1 Re7 18. Nxc6 Bxh2+ 19. Kh1 bxc6 20. g3 Bxg3 21. fxg3 Qxg3 22. Rf1 Ng4 23. Rxf8+ Kxf8 24. Qe2 Rf7 25. Rf1 Nf2+ 26. Rxf2 Rxf2 0-1

[Event "South Wales New Year op"]
[Site "Penarth"]
[Date "2016.01.08"]
[Round "1"]
[White "Braun, Walter"]
[Black "Kelly, Paul J"]
[Result "1-0"]
[WhiteElo "2213"]
[BlackElo "1851"]
[PlyCount "54"]
[EventDate "2016.01.08"]
[EventType "swiss"]
[EventRounds "5"]
[EventCountry "WLS"]
[SourceTitle "EXT 2024"]
[Source "ChessBase"]
[SourceDate "2023.10.10"]
[SourceVersion "1"]
[SourceVersionDate "2023.10.10"]
[SourceQuality "1"]

1. d4 g6 2. Nc3 Bg7 3. e4 c5 4. d5 e5 5. f4 d6 6. fxe5 Bxe5 7. Nf3 Bg4 8. Bb5+ Nd7 9. Bxd7+ Qxd7 10. Nxe5 Bxd1 11. Nxd7 Bxc2 12. Nxc5 dxc5 13. Kd2 Bxe4 14. Nxe4 0-0-0 15. Kc2 Rxd5 16. Bf4 Ne7 17. Nd6+ Kd7 18. Rad1 Kc6 19. Nxf7 Rf8 20. Ne5+ Kb5 21. Bg3 g5 22. b3 a5 23. Nc4 h5 24. Rhe1 Rxd1 25. Rxd1 Nc6 26. Rd7 Nb4+ 27. Kb2 Re8 1-0

[Event "South Wales Autumn op"]
[Site "Pencoed"]
[Date "2015.10.11"]
[Round "5"]
[White "Braun, Walter"]
[Black "Ralphs, Nigel"]
[Result "0-1"]
[WhiteElo "2214"]
[BlackElo "1965"]
[PlyCount "98"]
[EventDate "2015.10.09"]
[EventType "swiss"]
[EventRounds "5"]
[EventCountry "WLS"]
[SourceTitle "EXT 2018"]
[Source "ChessBase"]
[SourceDate "2017.10.13"]
[SourceVersion "1"]
[SourceVersionDate "2017.10.13"]
[SourceQuality "1"]

1. g3 d5 2. Bg2 c6 3. f4 g6 4. Nf3 Bg7 5. d3 Qb6 6. Nc3 Nf6 7. e3 0-0 8. 0-0 Bg4 9. h3 Bxf3 10. Qxf3 Nbd7 11. Kh1 e5 12. e4 dxe4 13. dxe4 exf4 14. gxf4 Rad8 15. Rb1 Qc7 16. Be3 Nh5 17. Ne2 Rfe8 18. c3 Bf8 19. b4 Nb6 20. Rfd1 Nc4 21. Bd4 b6 22. e5 c5 23. bxc5 Bxc5 24. Qd3 Na5 25. Qb5 Be7 26. f5 Qc4 27. Rg1 Qxe2 28. Qxe2 Ng3+ 29. Kh2 Nxe2 30. Rbd1 Bc5 31. Bxc5 bxc5 32. Rxd8 Rxd8 33. Re1 Nf4 34. e6 fxe6 35. fxe6 Nxg2 36. Kxg2 Re8 37. Re5 Nb7 38. Kf3 Kg7 39. Ke4 Kf6 40. e7 Rxe7 41. Rxe7 Kxe7 42. Kd5 g5 43. Kc6 h5 44. Kxb7 g4 45. hxg4 hxg4 46. Kxa7 g3 47. a4 g2 48. a5 g1Q 49. a6 Kd6 0-1

[Event "South Wales Autumn op"]
[Site "Pencoed"]
[Date "2015.10.11"]
[Round "4"]
[White "Kett, Timothy"]
[Black "Braun, Walter"]
[Result "0-1"]
[WhiteElo "2195"]
[BlackElo "2214"]
[PlyCount "84"]
[EventDate "2015.10.09"]
[EventType "swiss"]
[EventRounds "5"]
[EventCountry "WLS"]
[SourceTitle "EXT 2018"]
[Source "ChessBase"]
[SourceDate "2017.10.13"]
[SourceVersion "1"]
[SourceVersionDate "2017.10.13"]
[SourceQuality "1"]

1. e4 e6 2. d4 d5 3. Nc3 Nc6 4. e5 Nge7 5. Nf3 Nf5 6. Be2 f6 7. 0-0 fxe5 8. dxe5 Be7 9. a3 0-0 10. b4 d4 11. Ne4 Qd5 12. Ng3 Nxg3 13. hxg3 a5 14. b5 Nxe5 15. Nxd4 Bf6 16. Bb2 Nc4 17. Bc3 Nd6 18. Rb1 e5 19. Nb3 Qxd1 20. Rfxd1 Bf5 21. Rb2 b6 22. g4 Bg6 23. g5 Ne4 24. gxf6 Nxc3 25. Bc4+ Bf7 26. Bxf7+ Rxf7 27. Rd3 Ne2+ 28. Kh2 Rxf6 29. c4 Rh6+ 30. Rh3 Rxh3+ 31. gxh3 a4 32. Nc5 Nf4 33. Na6 Ne6 34. Rb4 Rd8 35. Rxa4 Rd2 36. Nxc7 Nxc7 37. c5 Rxf2+ 38. Kg3 Rf6 39. Re4 Nxb5 40. a4 Nc3 41. Rxe5 Nxa4 42. cxb6 Nxb6 0-1

[Event "South Wales Autumn op"]
[Site "Pencoed"]
[Date "2015.10.09"]
[Round "1"]
[White "Braun, Walter"]
[Black "Thomas, Roy"]
[Result "1-0"]
[WhiteElo "2214"]
[BlackElo "1730"]
[PlyCount "99"]
[EventDate "2015.10.09"]
[EventType "swiss"]
[EventRounds "5"]
[EventCountry "WLS"]
[SourceTitle "EXT 2018"]
[Source "ChessBase"]
[SourceDate "2017.10.13"]
[SourceVersion "1"]
[SourceVersionDate "2017.10.13"]
[SourceQuality "1"]

1. d4 f5 2. Nc3 Nf6 3. Bg5 e6 4. e4 fxe4 5. Nxe4 Be7 6. Bxf6 Bxf6 7. Qh5+ g6 8. Qh6 Qe7 9. Nxf6+ Qxf6 10. Nf3 Qf8 11. Qd2 b6 12. d5 Qf6 13. 0-0-0 0-0 14. dxe6 dxe6 15. Bc4 Ba6 16. Bb3 c5 17. c3 Nc6 18. Rhe1 c4 19. Bc2 Rad8 20. Qe2 Rxd1+ 21. Bxd1 Re8 22. Bc2 b5 23. Be4 Bb7 24. Kc2 a6 25. h4 Na5 26. h5 g5 27. Bxb7 Nxb7 28. Qe5 Qxe5 29. Rxe5 h6 30. Nd4 Nd8 31. a4 Rf8 32. f3 g4 33. axb5 axb5 34. Rxb5 gxf3 35. gxf3 Re8 36. Rb6 e5 37. Rg6+ Kh7 38. Nf5 Re6 39. Rg7+ Kh8 40. Rd7 Nc6 41. Rd6 Rxd6 42. Nxd6 Kg7 43. Nxc4 Kf6 44. b4 Kg5 45. b5 Nb8 46. Nxe5 Kxh5 47. c4 Kg5 48. c5 h5 49. c6 h4 50. c7 1-0

[Event "South Wales op 12th"]
[Site "Cardiff"]
[Date "2015.07.14"]
[Round "6"]
[White "Braun, Walter"]
[Black "Arkell, Keith C"]
[Result "0-1"]
[WhiteElo "2222"]
[BlackElo "2502"]
[PlyCount "112"]
[EventDate "2015.07.11"]
[EventType "swiss"]
[EventRounds "10"]
[EventCountry "WLS"]
[SourceTitle "EXT 2016"]
[Source "ChessBase"]
[SourceDate "2015.10.08"]
[SourceVersion "1"]
[SourceVersionDate "2015.10.08"]
[SourceQuality "1"]

1. d4 Nf6 2. Nc3 d5 3. Bg5 Nbd7 4. Nf3 g6 5. e3 Bg7 6. Bd3 0-0 7. 0-0 b6 8. Ne5 Bb7 9. f4 a6 10. Qf3 c5 11. Rad1 Qc7 12. Qh3 e6 13. Qh4 cxd4 14. exd4 Ne4 15. Bxe4 dxe4 16. Nxd7 Qxd7 17. Bf6 Rac8 18. Rfe1 Rc4 19. Re3 Bxf6 20. Qxf6 Qd8 21. Qe5 Bd5 22. Qg5 f5 23. h4 Qxg5 24. hxg5 Bb7 25. Rd2 Rfc8 26. Ree2 Rd8 27. Kf2 Rcxd4 28. Rxd4 Rxd4 29. Ke3 Rd6 30. g3 Kg7 31. Rd2 Bd5 32. g4 b5 33. a3 h6 34. gxh6+ Kxh6 35. g5+ Kg7 36. Ne2 Rd8 37. b3 Rc8 38. Kd4 Kf7 39. Ng3 Rh8 40. c4 Bc6 41. Ke5 bxc4 42. bxc4 Ke7 43. Rd6 Bd7 44. Rxa6 Rh2 45. Nf1 Rh3 46. Rb6 Rxa3 47. Rb1 Rc3 48. Kd4 Rf3 49. Ne3 Rxf4 50. c5 Rf3 51. Rb7 Kd8 52. Nc4 Rd3+ 53. Ke5 e3 54. Rb2 Ke7 55. Rc2 Rd5+ 56. Kf4 Rxc5 0-1

[Event "Bournemouth op 4th"]
[Site "Bournemouth"]
[Date "2015.06.21"]
[Round "4"]
[White "Bellers, Chris J"]
[Black "Braun, Walter"]
[Result "0-1"]
[WhiteElo "2018"]
[BlackElo "2222"]
[PlyCount "66"]
[EventDate "2015.06.19"]
[EventType "swiss"]
[EventRounds "5"]
[EventCountry "ENG"]
[SourceTitle "CBM 167 Extra"]
[Source "ChessBase"]
[SourceDate "2015.09.14"]
[SourceVersion "1"]
[SourceVersionDate "2015.09.14"]
[SourceQuality "1"]

1. c4 e5 2. g3 Nc6 3. Nc3 f5 4. Nf3 d6 5. d4 Be7 6. d5 Nb8 7. Bg2 Nf6 8. Qc2 e4 9. Nd4 c5 10. dxc6 Nxc6 11. Nxc6 bxc6 12. 0-0 0-0 13. Bg5 Be6 14. Qa4 Qe8 15. f3 d5 16. cxd5 cxd5 17. Qxe8 Rfxe8 18. Rfd1 Rab8 19. b3 h6 20. Be3 a6 21. Bd4 Rbc8 22. Rac1 Ba3 23. Rb1 Bc5 24. Bxc5 Rxc5 25. Na4 Rc2 26. Rb2 Rec8 27. Bf1 Rxb2 28. Nxb2 Rc2 29. Rb1 Kf7 30. a3 d4 31. Nd1 Nd5 32. Rb2 Rc1 33. Rd2 Nc3 0-1

[Event "Bournemouth op 4th"]
[Site "Bournemouth"]
[Date "2015.06.21"]
[Round "5"]
[White "Pert, Nicholas"]
[Black "Braun, Walter"]
[Result "1-0"]
[WhiteElo "2562"]
[BlackElo "2222"]
[PlyCount "53"]
[EventDate "2015.06.19"]
[EventType "swiss"]
[EventRounds "5"]
[EventCountry "ENG"]
[SourceTitle "CBM 167 Extra"]
[Source "ChessBase"]
[SourceDate "2015.09.14"]
[SourceVersion "1"]
[SourceVersionDate "2015.09.14"]
[SourceQuality "1"]

1. d4 d5 2. c4 e6 3. Nf3 c5 4. cxd5 exd5 5. Nc3 Nc6 6. dxc5 d4 7. Na4 Bf5 8. a3 Qd5 9. e3 0-0-0 10. exd4 Nxd4 11. Nxd4 Qxd4 12. Qxd4 Rxd4 13. Nc3 Nf6 14. Be3 Rd8 15. h3 Ne4 16. Nxe4 Bxe4 17. f3 Bc6 18. Bc4 Be7 19. Rd1 Rxd1+ 20. Kxd1 Bf6 21. Kc2 Re8 22. Bd2 Bd7 23. Re1 Bf5+ 24. Kb3 Rd8 25. Bc3 Bxc3 26. Kxc3 Rd7 27. g4 1-0

[Event "Welsh Winter op"]
[Site "Penarth"]
[Date "2015.01.31"]
[Round "3"]
[White "Brown, Thomas"]
[Black "Braun, Walter"]
[Result "0-1"]
[WhiteElo "2072"]
[BlackElo "2192"]
[PlyCount "60"]
[EventDate "2015.01.30"]
[EventType "swiss"]
[EventRounds "5"]
[EventCountry "WLS"]
[SourceTitle "EXT 2018"]
[Source "ChessBase"]
[SourceDate "2017.10.13"]
[SourceVersion "1"]
[SourceVersionDate "2017.10.13"]
[SourceQuality "1"]

1. d4 d5 2. c4 e5 3. dxe5 d4 4. Nf3 Nc6 5. a3 Be6 6. e3 dxe3 7. Qxd8+ Rxd8 8. Bxe3 Nge7 9. Bg5 h6 10. Bh4 g5 11. Bg3 g4 12. Nfd2 Bg7 13. f4 gxf3 14. Nxf3 Nf5 15. Bf4 Nfd4 16. Nxd4 Rxd4 17. g3 Nxe5 18. Nd2 Nxc4 19. Bxc4 Bxc4 20. Be3 Bd5 21. Bxd4 Bxd4 22. Rf1 Bxb2 23. Rb1 Bg7 24. Rb5 Bc6 25. Rbf5 0-0 26. Kd1 Bd7 27. Ra5 a6 28. Ne4 f5 29. Nd2 Bb5 30. Re1 Bc3 0-1

[Event "South Wales op 11th"]
[Site "Cardiff"]
[Date "2014.08.25"]
[Round "1"]
[White "Hawkins, Jonathan J"]
[Black "Braun, Walter"]
[Result "1/2-1/2"]
[WhiteElo "2516"]
[BlackElo "2197"]
[PlyCount "53"]
[EventDate "2014.08.25"]
[EventType "swiss"]
[EventRounds "9"]
[EventCountry "WLS"]
[SourceTitle "CBM 162 Extra"]
[Source "ChessBase"]
[SourceDate "2014.10.17"]
[SourceVersion "1"]
[SourceVersionDate "2014.10.17"]
[SourceQuality "1"]

1. d4 d5 2. c4 e6 3. Nf3 c5 4. cxd5 exd5 5. Nc3 Nc6 6. g3 Nf6 7. Bg2 Be6 8. 0-0 h6 9. b3 Rc8 10. Bb2 b6 11. Rc1 Be7 12. Na4 cxd4 13. Nxd4 Nxd4 14. Bxd4 0-0 15. Rxc8 Qxc8 16. Nc3 Qa6 17. Qb1 Rd8 18. Rd1 Ne4 19. Bxe4 dxe4 20. Qxe4 Qc8 21. Be5 Rxd1+ 22. Nxd1 Qc1 23. Qd3 Bf5 24. Qxf5 Qxd1+ 25. Kg2 Qxe2 26. Qc8+ Kh7 27. Qf5+ 1/2-1/2

[Event "South Wales op 10th"]
[Site "Penarth"]
[Date "2013.07.18"]
[Round "8"]
[White "Bryant, Richard BE"]
[Black "Braun, Walter"]
[Result "0-1"]
[WhiteElo "1934"]
[BlackElo "2236"]
[PlyCount "96"]
[EventDate "2013.07.14"]
[EventType "swiss"]
[EventRounds "9"]
[EventCountry "WLS"]
[SourceTitle "CBM 155 Extra"]
[Source "ChessBase"]
[SourceDate "2013.08.26"]
[SourceVersion "1"]
[SourceVersionDate "2013.08.26"]
[SourceQuality "1"]

1. e4 Nc6 2. Nc3 e6 3. d4 d5 4. Nf3 Nf6 5. e5 Ne4 6. a3 Nxc3 7. bxc3 f6 8. Bd3 Qe7 9. 0-0 Qf7 10. Rb1 Be7 11. Qe2 0-0 12. a4 fxe5 13. dxe5 Qh5 14. Re1 Na5 15. Nd4 Qxe2 16. Bxe2 Bc5 17. Be3 Bxd4 18. cxd4 b6 19. Bd2 Nc6 20. c3 a6 21. Bg4 Bd7 22. Re3 Na5 23. Rg3 Kh8 24. h4 h6 25. Bc1 Nc4 26. Ra1 c5 27. Rf3 Rxf3 28. Bxf3 cxd4 29. cxd4 Rc8 30. Kf1 Kg8 31. g4 Na5 32. Be3 Rc3 33. Be2 Nc4 34. Bxc4 dxc4 35. Ke2 Rb3 36. Kd2 a5 37. g5 hxg5 38. hxg5 g6 39. Kc1 Kf7 40. Rb1 Rb4 41. d5 exd5 42. Bxb6 Rxa4 43. Bd8 c3 44. Rb7 Ke8 45. e6 Bxe6 46. Re7+ Kxd8 47. Rxe6 d4 48. Rxg6 Kd7 0-1

[Event "South Wales op 10th"]
[Site "Penarth"]
[Date "2013.07.16"]
[Round "5"]
[White "Braun, Walter"]
[Black "Adebajo, Olufemi"]
[Result "1-0"]
[WhiteElo "2236"]
[BlackElo "1934"]
[PlyCount "83"]
[EventDate "2013.07.14"]
[EventType "swiss"]
[EventRounds "9"]
[EventCountry "WLS"]
[SourceTitle "CBM 155 Extra"]
[Source "ChessBase"]
[SourceDate "2013.08.26"]
[SourceVersion "1"]
[SourceVersionDate "2013.08.26"]
[SourceQuality "1"]

1. c4 e6 2. Nf3 c6 3. b3 f5 4. Bb2 Nf6 5. g3 d5 6. Bg2 Bd6 7. 0-0 0-0 8. d3 Qe7 9. Nc3 e5 10. e3 Nbd7 11. cxd5 Nxd5 12. Nxd5 cxd5 13. Qc2 Nf6 14. Qc3 e4 15. Nd4 Bd7 16. a3 Rfc8 17. Qd2 Rc7 18. Rfc1 Rac8 19. Rxc7 Rxc7 20. b4 Ng4 21. dxe4 fxe4 22. Ne2 Qf7 23. Nc3 Nf6 24. Rd1 Bg4 25. Rb1 a6 26. h3 Be6 27. Rd1 Rd7 28. Ne2 Qh5 29. Rc1 Rd8 30. Bxf6 gxf6 31. Nf4 Bxf4 32. exf4 Bxh3 33. Bxe4 Rd7 34. Rc8+ Kg7 35. Rc5 Be6 36. Qd3 b6 37. Bf3 Qe8 38. Rc6 Rb7 39. Qc3 Qf7 40. Qd4 Qd7 41. Rxb6 Rc7 42. f5 1-0

[Event "South Wales op 10th"]
[Site "Penarth"]
[Date "2013.07.14"]
[Round "3"]
[White "Braun, Walter"]
[Black "Thorpe, Thomas"]
[Result "1/2-1/2"]
[WhiteElo "2236"]
[BlackElo "1875"]
[PlyCount "90"]
[EventDate "2013.07.14"]
[EventType "swiss"]
[EventRounds "9"]
[EventCountry "WLS"]
[SourceTitle "CBM 155 Extra"]
[Source "ChessBase"]
[SourceDate "2013.08.26"]
[SourceVersion "1"]
[SourceVersionDate "2013.08.26"]
[SourceQuality "1"]

1. d4 Nf6 2. Nf3 g6 3. Nc3 Bg7 4. e4 d6 5. h3 0-0 6. Be3 b6 7. Bd3 Bb7 8. 0-0 Nbd7 9. Qd2 Re8 10. Bh6 Bh8 11. Rfe1 e5 12. d5 a6 13. Bf1 Nf8 14. Rad1 Qd7 15. g4 Rad8 16. Qe3 b5 17. a3 c6 18. Bg2 cxd5 19. exd5 Qc7 20. Ng5 N8d7 21. Rd2 Nb6 22. b3 Rc8 23. Red1 Nbd7 24. Nce4 Nxe4 25. Bxe4 Nf6 26. Qf3 Qd7 27. Kh2 Rc5 28. Rg1 Qe7 29. Rgd1 Qd7 30. Qg2 Bg7 31. Bxg7 Kxg7 32. Ne6+ fxe6 33. dxe6 Qxe6 34. Bxb7 d5 35. g5 Nh5 36. Bxd5 Qf5 37. Qg4 Rd8 38. Be4 Qxg4 39. hxg4 Rxd2 40. Rxd2 Nf4 41. Rd7+ Kh8 42. Kg1 Nh3+ 43. Kf1 Nxg5 44. Bb7 a5 45. Re7 e4 1/2-1/2

[Event "South Wales op 9th"]
[Site "Penarth"]
[Date "2012.07.11"]
[Round "7"]
[White "Waterfield, John"]
[Black "Braun, Walter"]
[Result "1/2-1/2"]
[WhiteElo "1982"]
[BlackElo "2239"]
[PlyCount "96"]
[EventDate "2012.07.08"]
[EventType "swiss"]
[EventRounds "9"]
[EventCountry "WLS"]
[SourceTitle "CBM 149 Extra"]
[Source "ChessBase"]
[SourceDate "2012.08.24"]
[SourceVersion "1"]
[SourceVersionDate "2012.08.24"]
[SourceQuality "1"]

1. e4 c5 2. c3 e6 3. d4 d5 4. Nd2 Nc6 5. Ngf3 Nf6 6. Bd3 cxd4 7. cxd4 dxe4 8. Nxe4 Bb4+ 9. Nc3 0-0 10. 0-0 Be7 11. a3 b6 12. Re1 Bb7 13. Bc2 Re8 14. Qd3 Rc8 15. d5 exd5 16. Bg5 g6 17. Rxe7 Nxe7 18. Bxf6 Qd6 19. Be5 Qc5 20. Bb3 Rcd8 21. Ne2 Nc6 22. Bc3 d4 23. Nexd4 Na5 24. Ba2 Be4 25. Qe3 Bd5 26. Qh6 f6 27. Bb4 Qc7 28. Rc1 Qf7 29. Bxd5 Rxd5 30. Qf4 Rd7 31. g3 g5 32. Qf5 Rd5 33. Qc2 Qd7 34. Nc6 g4 35. Nh4 Nb7 36. Qc4 Kg7 37. Nxa7 Nc5 38. Nb5 Re4 39. Qf1 Rd3 40. Nc3 Rc4 41. Re1 Kf7 42. Qe2 Rcd4 43. Bxc5 bxc5 44. Nf5 Qxf5 45. Qe8+ Kg7 46. Re7+ Kh6 47. Qf8+ Kh5 48. Qe8+ Kh6 1/2-1/2

[Event "South Wales op 9th"]
[Site "Penarth"]
[Date "2012.07.09"]
[Round "4"]
[White "Arkell, Keith C"]
[Black "Braun, Walter"]
[Result "1-0"]
[WhiteElo "2441"]
[BlackElo "2239"]
[PlyCount "149"]
[EventDate "2012.07.08"]
[EventType "swiss"]
[EventRounds "9"]
[EventCountry "WLS"]
[SourceTitle "CBM 149 Extra"]
[Source "ChessBase"]
[SourceDate "2012.08.24"]
[SourceVersion "1"]
[SourceVersionDate "2012.08.24"]
[SourceQuality "1"]

1. d4 e6 2. c4 Bb4+ 3. Bd2 a5 4. Nf3 Nf6 5. g3 d5 6. cxd5 exd5 7. Bg2 0-0 8. 0-0 Re8 9. Nc3 Nbd7 10. a3 Bxc3 11. bxc3 b6 12. Bg5 Ba6 13. Re1 h6 14. Bxf6 Nxf6 15. Ne5 c5 16. a4 Qd6 17. Qb3 Rab8 18. e3 Rxe5 19. dxe5 Qxe5 20. Rab1 Bc4 21. Qc2 Ne4 22. Rec1 Qe6 23. Rd1 Re8 24. f3 Nf6 25. e4 dxe4 26. fxe4 Ng4 27. Re1 Ne5 28. Red1 Ng4 29. Bh3 h5 30. Re1 Ba2 31. Ra1 Bb3 32. Qd2 Qg6 33. Bg2 Ne5 34. Reb1 c4 35. Rf1 Qc6 36. Qg5 Qc5+ 37. Kh1 Nd3 38. Qd2 Re5 39. h3 f6 40. Qe2 Qe7 41. Qe3 Nc5 42. Qd4 Nxe4 43. Bxe4 Rxe4 44. Qd5+ Qe6 45. Qxe6+ Rxe6 46. Kg2 Re3 47. Rf3 Re5 48. Kf2 Kf7 49. Rf4 Ke6 50. Rd4 g6 51. h4 Ke7 52. Rb1 Ke6 53. Rb2 Ke7 54. Rbd2 Bxa4 55. Rxc4 Be8 56. Rc7+ Ke6 57. c4 a4 58. Rb7 b5 59. Rd8 Bc6 60. Rb6 Ke7 61. Rdb8 Bd7 62. cxb5 a3 63. R8b7 a2 64. Ra7 a1Q 65. Rxa1 Rxb5 66. Re1+ Kf7 67. Ra6 Rf5+ 68. Kg1 Rd5 69. Rf1 Bf5 70. Rc1 Bd7 71. Rb1 Rd2 72. Rbb6 Bf5 73. Rxf6+ Kg7 74. Rfd6 Kf7 75. Rxd2 1-0

[Event "South Wales op 9th"]
[Site "Penarth"]
[Date "2012.07.08"]
[Round "2"]
[White "Braun, Walter"]
[Black "Wagner, Guy"]
[Result "1-0"]
[WhiteElo "2239"]
[BlackElo "1869"]
[PlyCount "79"]
[EventDate "2012.07.08"]
[EventType "swiss"]
[EventRounds "9"]
[EventCountry "WLS"]
[SourceTitle "CBM 149 Extra"]
[Source "ChessBase"]
[SourceDate "2012.08.24"]
[SourceVersion "1"]
[SourceVersionDate "2012.08.24"]
[SourceQuality "1"]

1. d4 e6 2. Nc3 d5 3. e4 Be7 4. Nf3 Nf6 5. e5 Ne4 6. Bd3 Nxc3 7. bxc3 c5 8. a4 b6 9. 0-0 Ba6 10. Bxa6 Nxa6 11. Qe2 Nc7 12. dxc5 bxc5 13. c4 0-0 14. Rd1 Qd7 15. Bf4 Rfd8 16. h4 Qc6 17. Bg3 dxc4 18. Qxc4 Rxd1+ 19. Rxd1 Rd8 20. Rb1 Nd5 21. Nd4 Qd7 22. Nb5 Nb6 23. Qe4 h6 24. a5 Nd5 25. c4 Nb4 26. Nd6 Qc6 27. Qg4 Qa4 28. Bf4 Qc2 29. Rc1 Qg6 30. Qxg6 fxg6 31. Bg3 Nc6 32. a6 Bxd6 33. exd6 e5 34. Rd1 Kf7 35. Rd5 Ke6 36. Rxc5 Kxd6 37. Rb5 Rb8 38. Bxe5+ Nxe5 39. Rxb8 Nxc4 40. Rb7 1-0

[Event "AUT-chT2O 9798"]
[Site "Austria"]
[Date "1997.02.15"]
[Round "10"]
[White "Holzer, Gerhard"]
[Black "Braun, Walter"]
[Result "0-1"]
[WhiteElo "2245"]
[BlackElo "2220"]
[PlyCount "94"]
[EventDate "1997.??.??"]
[EventType "team"]
[EventRounds "13"]
[EventCountry "AUT"]
[SourceTitle "EXT 1999"]
[Source "ChessBase"]
[SourceDate "1998.11.16"]
[SourceVersion "1"]
[SourceVersionDate "1998.11.16"]
[SourceQuality "1"]

1. e4 c5 2. Nf3 e6 3. Nc3 a6 4. d4 cxd4 5. Nxd4 b5 6. Bd3 Bc5 7. Nb3 Be7 8. 0-0 d6 9. Be3 Nc6 10. f4 Bf6 11. Qf3 Qc7 12. Bxb5 axb5 13. e5 Rb8 14. exf6 Nxf6 15. Qe2 b4 16. Nb5 Qe7 17. Rae1 0-0 18. N5d4 Bd7 19. Rf3 Rfe8 20. Qd3 e5 21. Bf2 Nxd4 22. Bxd4 Ng4 23. Rh3 g6 24. Qe2 Qf6 25. fxe5 dxe5 26. Ba7 Ra8 27. Rf1 Bf5 28. Bc5 Qa6 29. Qd2 Rad8 30. Qg5 f6 31. Qh4 g5 32. Qh5 Qc4 33. Rhf3 Bg6 34. Qh3 Rd5 35. Bb6 h5 36. Qg3 Re6 37. Ba7 e4 38. Re3 Nxe3 39. Bxe3 Kg7 40. h4 g4 41. Qf4 Kf7 42. Qb8 Red6 43. Bh6 Rd8 44. Rxf6+ Kxf6 45. Bg5+ Kf7 46. Bxd8 g3 47. Qf4+ Bf5 0-1